|
|
|
|
| LEADER |
00982nam a2200301 4500 |
| 001 |
DLU090095598 |
| 005 |
##20091201 |
| 040 |
# |
# |
|a DLU
|b eng
|
| 041 |
# |
# |
|a eng
|
| 044 |
# |
# |
|a us
|
| 100 |
# |
# |
|a Yamamoto, Mari.
|
| 245 |
# |
# |
|a Novel preparation of monodispersed silver nanoparticles via amine adducts derived from insoluble silver myristate in tertiary alkylamine /
|c Mari Yamamoto, Masami Nakamoto.
|
| 653 |
# |
# |
|a Carboxylates
|
| 653 |
# |
# |
|a Chemical synthesis
|
| 653 |
# |
# |
|a Nanoparticles
|
| 653 |
# |
# |
|a Nanostructured materials
|
| 653 |
# |
# |
|a Transmission electron microscopy
|
| 700 |
# |
# |
|a Nakamoto, Masami.
|
| 773 |
# |
# |
|t Journal of Materials Chemistry
|g Vol. 13, no. 9 (2003), p. 2064-2065
|
| 920 |
# |
# |
|a Phòng Tạp chí -- Trung tâm Thông tin - Thư viện Trường Đại học Đà Lạt
|
| 994 |
# |
# |
|a DLU
|
| 900 |
# |
# |
|a True
|
| 911 |
# |
# |
|a Trương Bảo Trâm Anh
|
| 925 |
# |
# |
|a G
|
| 926 |
# |
# |
|a A
|
| 927 |
# |
# |
|a BB
|
| 980 |
# |
# |
|a Thư viện Trường Đại học Đà Lạt
|